000 00612nam a2200241Ia 4500
003 OSt
005 20220924152220.0
006 a|||||r|||| 00| 0
007 ta
008 220923b |||||||| |||| 00| 0 mar d
020 _c10.00
024 _a341590
037 _cTextual
040 _aARTS
_cARTS
_bmar
041 _2mar
_amar
082 _aO155,6N11,5, L3
100 _aDeshpandey P.L.
_9224935
245 0 _aKaya watel te hoile
260 _c1973
650 _aMARATHI LITERATURE
_938000
942 _hO155,6N11,5, L3
_cTEXL
_2CC
999 _c469146
_d469146